| 000 | 01047nam a2200265 a 4500 | ||
|---|---|---|---|
| 001 | 000005976 | ||
| 005 | 20200929151852.0 | ||
| 008 | 090825s2000 dr 000 0 spa d | ||
| 040 |
_aDO-SdBNP _bspa _cBNPHU |
||
| 082 |
_a338.1 _bC462p |
||
| 100 | 1 |
_aChaparro Anaya, Oscar _916840 |
|
| 245 | 1 | 0 |
_aParadigmas del desarrollo agropecuario / _cOscar Chaparro Anaya, Bernardo Rivera Sánchez. |
| 260 |
_aSanto Domingo : _bFundación Kellogg: _bCEDAF, _c2000. |
||
| 300 |
_a112 p. ; _c27 cm. |
||
| 490 | 1 | _aProyecto Ágora | |
| 500 | _aIncluye bibliografía al final de los capítulos | ||
| 590 | _aInventariado, 2018/LP | ||
| 650 | 4 |
_aDesarrollo agrícola _zRepública Dominicana _99591 |
|
| 650 | 4 |
_aDesarrollo agrícola _xProblemas , ejercicios, etc. _916841 |
|
| 650 | 4 |
_aPolítica agrícola _zRepública Dominicana _99553 |
|
| 700 | 1 |
_aRivera Sánchez, Bernardo _916842 |
|
| 710 | 1 |
_aCentro para el Desarrollo Agropecuario y Forestal (República Dominicana) _9130 |
|
| 830 | 0 |
_aProyecto Ágora _916843 |
|
| 910 | _aValidado. Control de calidad MFF | ||
| 999 |
_c5772 _d5772 |
||